Quiz sur la Barbade - Statistiques

Statistiques générales
  • Ce quiz a été pris 2 847 fois
  • Le résultat moyen est 11 sur 16
Statistiques - réponses
Question Réponse % Correct
Langue officielle Anglais
98%
Mer dans laquelle la Barbade se situe Mer des Caraïbes
93%
Devise monétaire Dollar
90%
Arme, notamment utilisée par Poséidon, qui figure sur le drapeau de la Barbade Trident
89%
Groupe d'îles auquel la Barbade appartient Petites {Antilles}
88%
Secteur qui représente 35% du PIB de la Barbade Tourisme
87%
Chanteuse barbadienne qui a notamment interprété Diamonds et Umbrella Rihanna
86%
Reine de la Barbade, jusqu'en 2021 Élisabeth II
76%
Pays le plus proche Sainte-Lucie
70%
Sport le plus populaire Cricket
69%
Principal produit d'exportation du pays pendant la période coloniale Sucre
69%
Boisson produite par la marque barbadienne Mount Gay depuis 1703 Rhum
61%
Capitale Bridgetown
56%
A la Barbade, elles peuvent être vertes, caouannes, imbriquées ou luth Tortues
49%
Fruit découvert accidentellement à la Barbade en croisant un oranger et un pamplemoussier Pomélo
38%
Nom donné aux régions qui subdivisent la Barbade P{aroisses}
24%
Aucun quiz correspondant
Distribution des résultats
% des personnes avec chaque résultat
Percentile par nombre de réponses
Votre historique - résultats
Vous n’avez pas pris ce quiz